[Event "24th Klatovy B 2016"]
[Site "Klatovy CZE"]
[Date "2016.07.08"]
[Round "7.38"]
[White "Palla, Ivan"]
[Black "Kadlec, Rudolf"]
[Result "0-1"]
[WhiteElo "1536"]
[BlackElo "1397"]
[PlyCount "84"]
[EventDate "2016.07.02"]
[EventType "swiss"]
[EventRounds "9"]
[EventCountry "CZE"]

1. b3 e5 2. Bb2 d6 3. e3 a6 4. d3 Nc6 5. g3 Nh6 6. Nc3 Be6 7. Qd2 d5 8. a3 d4 9. Na2 Bc5 10. Bg2 Bd5 11. e4 Be6 12. O-O-O Qe7 13. b4 Bxa2 14. bxc5 Qxc5 15. c4 Bb3 16. Rf1 b5 17. f4 f6 18. fxe5 Nxe5 19. Rf5 Nxf5 20. exf5 c6 21. Nf3 bxc4 22. Nxe5 fxe5 23. Qb4 Qxb4 24. axb4 Rc8 25. Re1 O-O 26. Rxe5 Rfe8 27. Rxe8+ Rxe8 28. Bxc6 Re1+ 29. Kd2 c3+ 30. Bxc3 Rd1+ 31. Ke2 dxc3 32. Bd5+ Bxd5 33. Kxd1 Bb3+ 34. Kc1 Kf7 35. h4 g6 36. fxg6+ Kxg6 37. g4 Be6 38. Kc2 Bxg4 39. Kxc3 Kh5 40. d4 Kxh4 41. d5 Kg5 42. Kd4 h5 0-1

[Event "24th Klatovy B 2016"]
[Site "Klatovy CZE"]
[Date "2016.07.08"]
[Round "7.39"]
[White "Kresl, Filip"]
[Black "Celovsky, Jan"]
[Result "1-0"]
[WhiteElo "1365"]
[BlackElo "1281"]
[PlyCount "44"]
[EventDate "2016.07.02"]
[EventType "swiss"]
[EventRounds "9"]
[EventCountry "CZE"]

1. e4 e5 2. d4 exd4 3. Bc4 Nc6 4. Nf3 Bc5 5. c3 dxc3 6. Bxf7+ Kxf7 7. Qd5+ Ke8 8. Qh5+ g6 9. Qxc5 Qe7 10. Qxe7+ Ngxe7 11. Nxc3 d6 12. O-O Bg4 13. Bg5 Rf8 14. Bh6 Rh8 15. Ng5 Rd8 16. h3 Bc8 17. Rad1 b6 18. Nb5 Kd7 19. Nf7 Ba6 20. a4 Ng8 21. Nxd8 Nxh6 22. Nxc6 Kxc6 1-0

[Event "24th Klatovy B 2016"]
[Site "Klatovy CZE"]
[Date "2016.07.08"]
[Round "7.40"]
[White "Vasko, Pavel"]
[Black "Stanke, Petr"]
[Result "1-0"]
[WhiteElo "1619"]
[BlackElo "1239"]
[PlyCount "50"]
[EventDate "2016.07.02"]
[EventType "swiss"]
[EventRounds "9"]
[EventCountry "CZE"]

1. e4 e6 2. d4 d5 3. e5 c5 4. c3 Nc6 5. Nf3 Bd7 6. Bd3 Qb6 7. Bc2 f6 8. O-O Rc8 9. b3 Be7 10. Be3 Na5 11. dxc5 Qa6 12. b4 Nc4 13. Bd4 Qb5 14. a4 Qa6 15. Nbd2 Nb2 16. Qb1 Nxa4 17. Bd3 Bb5 18. Bxb5+ Qxb5 19. Qb3 fxe5 20. Bxe5 Nxc5 21. bxc5 Qxb3 22. Nxb3 Bxc5 23. Nxc5 Rxc5 24. Bd4 Rc7 25. Rxa7 Nf6 1-0

[Event "24th Klatovy B 2016"]
[Site "Klatovy CZE"]
[Date "2016.07.08"]
[Round "7.41"]
[White "Novy, Jan"]
[Black "Palla, Marek"]
[Result "1-0"]
[WhiteElo "1606"]
[BlackElo "1191"]
[PlyCount "45"]
[EventDate "2016.07.02"]
[EventType "swiss"]
[EventRounds "9"]
[EventCountry "CZE"]

1. e4 e6 2. Qe2 d5 3. exd5 Qxd5 4. Nc3 Qd8 5. g3 b6 6. Nf3 Nc6 7. Bg2 Bb7 8. O-O Nf6 9. Re1 Bc5 10. h3 O-O 11. d3 h6 12. a3 Nd4 13. Nxd4 Bxg2 14. Nxe6 Qd7 15. Kxg2 Rfe8 16. Nxc5 Qc6+ 17. N5e4 Nd7 18. Be3 f5 19. f3 fxe4 20. Nxe4 Re7 21. Bd4 Qd5 22. Be3 Rae8 23. c4 1-0

[Event "24th Klatovy B 2016"]
[Site "Klatovy CZE"]
[Date "2016.07.08"]
[Round "7.42"]
[White "Jedlicka, Pavel"]
[Black "Schille, Steffen"]
[Result "0-1"]
[WhiteElo "1548"]
[BlackElo "1566"]
[PlyCount "173"]
[EventDate "2016.07.02"]
[EventType "swiss"]
[EventRounds "9"]
[EventCountry "CZE"]

1. f4 d6 2. Nf3 Nf6 3. e3 Bg4 4. Be2 Nbd7 5. O-O e5 6. fxe5 dxe5 7. d3 e4 8. Ng5 Bxe2 9. Qxe2 Bd6 10. Nd2 O-O 11. Ndxe4 Nxe4 12. Nxe4 Qh4 13. g3 Qh6 14. d4 Rae8 15. Qf3 c6 16. b3 f5 17. Nxd6 Qxd6 18. a4 Qe6 19. Bd2 Qe4 20. Qxe4 Rxe4 21. Rf4 Re6 22. Raf1 g6 23. g4 fxg4 24. Rxg4 Rxf1+ 25. Kxf1 Nf6 26. Rf4 g5 27. Rf3 h5 28. Ke2 Kg7 29. h3 Kg6 30. Be1 g4 31. hxg4 hxg4 32. Rg3 Kf5 33. Kd3 Ne4 34. Rg1 Ng5 35. Bg3 Rh6 36. Rf1+ Nf3 37. e4+ Kg5 38. Bf2 Rh3 39. Be3+ Kf6 40. Ke2 Rh2+ 41. Rf2 g3 42. Kxf3 gxf2 43. Bxf2 Rh1 44. Be3 Rb1 45. Ke2 Rh1 46. b4 Ke6 47. c4 Ra1 48. a5 Ra4 49. Bd2 b6 50. axb6 axb6 51. d5+ Ke5 52. Kd3 cxd5 53. cxd5 Ra8 54. Bc3+ Kd6 55. Bd4 b5 56. Bf2 Rg8 57. Kd4 Rg4 58. Be3 Rh4 59. Bg5 Rg4 60. Bh6 Rh4 61. Bf8+ Kd7 62. Ke5 Rh5+ 63. Kf6 Rh4 64. e5 Rf4+ 65. Kg7 Rd4 66. e6+ Ke8 67. Bc5 Rxd5 68. Kf6 Rh5 69. Bd6 Rd5 70. Be5 Rd1 71. Bg3 Rd3 72. Be1 Rf3+ 73. Kg5 Ke7 74. Kg4 Rf1 75. Bc3 Kxe6 76. Bd4 Kd5 77. Bc5 Kc4 78. Kg3 Rb1 79. Kf2 Rxb4 80. Be7 Rb1 81. Ke2 Kc3 82. Bf6+ Kc2 83. Ke3 Rd1 84. Ke2 b4 85. Be7 b3 86. Ba3 Rd7 87. Ke1 0-1

[Event "24th Klatovy B 2016"]
[Site "Klatovy CZE"]
[Date "2016.07.08"]
[Round "7.43"]
[White "Mikes, Vlastislav 1983"]
[Black "Psaila, Uranchimeg"]
[Result "1/2-1/2"]
[WhiteElo "1472"]
[BlackElo "1546"]
[PlyCount "92"]
[EventDate "2016.07.02"]
[EventType "swiss"]
[EventRounds "9"]
[EventCountry "CZE"]

1. e4 e6 2. d4 d5 3. exd5 exd5 4. Nf3 Bd6 5. Bd3 Bg4 6. h3 Bh5 7. O-O Ne7 8. Nbd2 Nbc6 9. c3 Qd7 10. Qb3 Na5 11. Qb5 Qxb5 12. Bxb5+ c6 13. Bd3 b5 14. Ng5 Bg6 15. Bxg6 Nxg6 16. Re1+ Ne7 17. b4 Nb7 18. a4 O-O 19. axb5 cxb5 20. Ra6 h6 21. Ngf3 Nc8 22. Nf1 Nb6 23. Ne5 Rfe8 24. Ng3 f6 25. Nd3 Rxe1+ 26. Nxe1 Na4 27. Bd2 Kf7 28. Nf5 Bc7 29. Rc6 Bb6 30. Nd6+ Nxd6 31. Rxd6 Rc8 32. Nf3 Rd8 33. Rxd8 Bxd8 34. g4 a5 35. Nh4 axb4 36. cxb4 Nb2 37. Nf5 Bc7 38. Kg2 Nc4 39. Be3 Nd6 40. f3 Nxf5 41. gxf5 Bd6 42. Bd2 h5 43. f4 g6 44. fxg6+ Kxg6 45. Kf3 f5 46. Kg3 Be7 1/2-1/2

[Event "24th Klatovy B 2016"]
[Site "Klatovy CZE"]
[Date "2016.07.08"]
[Round "7.44"]
[White "Gorbunov, Alexander 1998"]
[Black "Kubat, Ladislav"]
[Result "1/2-1/2"]
[WhiteElo "1353"]
[BlackElo "1435"]
[PlyCount "98"]
[EventDate "2016.07.02"]
[EventType "swiss"]
[EventRounds "9"]
[EventCountry "CZE"]

1. e4 e5 2. Nf3 d6 3. h3 Nd7 4. Bc4 Be7 5. d4 c6 6. Nc3 Ngf6 7. Ng5 O-O 8. Qd3 b5 9. Bb3 h6 10. Nf3 Qc7 11. a3 exd4 12. Nxd4 Nc5 13. Qf3 Nxb3 14. cxb3 Re8 15. O-O a6 16. b4 Bd7 17. Qg3 Kh8 18. Re1 Bf8 19. Bd2 Rac8 20. h4 d5 21. Bf4 Qb6 22. Be3 Qd8 23. exd5 cxd5 24. Rad1 Be6 25. Nxe6 Rxe6 26. Rd3 Rc7 27. Red1 Rd7 28. Qf3 Red6 29. Bc5 Re6 30. Bxf8 Qxf8 31. Nxd5 Nxd5 32. Rxd5 Rxd5 33. Qxd5 Qe7 34. Qd8+ Qxd8 35. Rxd8+ Kh7 36. Rd7 Kg6 37. h5+ Kf6 38. Ra7 g6 39. hxg6 fxg6 40. b3 Ke5 41. a4 Rb6 42. a5 Rd6 43. Rb7 Kd5 44. f4 Re6 45. Rb6 Rxb6 46. axb6 Kc6 47. Kf2 Kxb6 48. Ke3 h5 49. Kd4 h4 1/2-1/2

[Event "24th Klatovy B 2016"]
[Site "Klatovy CZE"]
[Date "2016.07.08"]
[Round "7.45"]
[White "Ret, Adam Josef"]
[Black "Filip, Petr 1952"]
[Result "0-1"]
[WhiteElo "1427"]
[BlackElo "1353"]
[PlyCount "106"]
[EventDate "2016.07.02"]
[EventType "swiss"]
[EventRounds "9"]
[EventCountry "CZE"]

1. d4 d5 2. c4 Nf6 3. Nf3 c6 4. Nc3 e6 5. e3 Bb4 6. a3 Bxc3+ 7. bxc3 O-O 8. Bd3 Re8 9. Qc2 h6 10. Bb2 Nbd7 11. c5 b6 12. cxb6 Qxb6 13. Rb1 c5 14. Ba1 Qd6 15. dxc5 Nxc5 16. Bb2 Nxd3+ 17. Qxd3 Ba6 18. Qc2 e5 19. Qd1 Rac8 20. Ng1 Qc6 21. f3 Qc4 22. Ne2 Qh4+ 23. g3 Qh3 24. Kf2 e4 25. Nf4 Qf5 26. g4 Qd7 27. Rg1 exf3 28. Kxf3 Bb7 29. Kf2 Ne4+ 30. Ke2 Ba6+ 31. Ke1 Bc4 32. Qd4 Ng5 33. Rg3 Re4 34. Qd2 Rce8 35. Kd1 Qb5 36. Ne2 R8e6 37. h4 Rf6 38. Qe1 Ne6 39. Kd2 Nc5 40. Nd4 Qa4 41. Bc1 Rf1 42. Rb4 Qd7 43. Nf3 Rxe1 44. Nxe1 Qc7 45. Rg2 Bf1 46. Rg1 Qh2+ 47. Ng2 Qxg1 48. Rb8+ Kh7 49. Nf4 Qxe3+ 50. Kd1 Qxc3 51. Bd2 Qf3+ 52. Kc2 Qxa3 53. Bc3 Rxf4 0-1

[Event "24th Klatovy B 2016"]
[Site "Klatovy CZE"]
[Date "2016.07.08"]
[Round "7.46"]
[White "Vavrinkova, Marie"]
[Black "Dolejs, Jakub"]
[Result "0-1"]
[WhiteElo "1259"]
[BlackElo "1086"]
[PlyCount "52"]
[EventDate "2016.07.02"]
[EventType "swiss"]
[EventRounds "9"]
[EventCountry "CZE"]

1. e4 e5 2. Nf3 Nc6 3. Bb5 a6 4. Bxc6 bxc6 5. c3 d5 6. exd5 cxd5 7. Nxe5 Qe7 8. O-O Qd6 9. Re1 Be7 10. d4 Bf5 11. Bf4 Qb6 12. Qa4+ Qb5 13. Qxb5+ axb5 14. Nc6 Rc8 15. Na7 Rb8 16. Bxc7 Rb7 17. Nxb5 Rxb5 18. Bf4 f6 19. Na3 Rxb2 20. Bd6 Rb7 21. h3 Be4 22. f3 Bxd6 23. Nc2 Re7 24. fxe4 Rxe4 25. Reb1 Ne7 26. Ne1 O-O 0-1

[Event "24th Klatovy B 2016"]
[Site "Klatovy CZE"]
[Date "2016.07.08"]
[Round "7.48"]
[White "Barta, Daniel"]
[Black "Peterek, Zbynek"]
[Result "0-1"]
[WhiteElo "1115"]
[BlackElo "1314"]
[PlyCount "130"]
[EventDate "2016.07.02"]
[EventType "swiss"]
[EventRounds "9"]
[EventCountry "CZE"]

1. e4 g6 2. Nf3 Bg7 3. d4 d6 4. Bc4 Nf6 5. Nc3 e6 6. O-O Bd7 7. Bg5 Qc8 8. e5 Ng8 9. Bb5 h6 10. Bh4 d5 11. Qd3 Bc6 12. Nd2 Qd7 13. Nb3 b6 14. Bxc6 Nxc6 15. a4 Nge7 16. a5 O-O 17. axb6 axb6 18. Qb5 g5 19. Bg3 Nf5 20. Ne2 Rfd8 21. f4 Ne3 22. Rfc1 Rxa1 23. Nxa1 Nf5 24. Nb3 Nxg3 25. Nxg3 Na5 26. Qxd7 Rxd7 27. Nxa5 bxa5 28. fxg5 hxg5 29. Ra1 f6 30. exf6 Bxf6 31. c3 e5 32. Rxa5 exd4 33. cxd4 Bxd4+ 34. Kf1 Bxb2 35. Nh5 Rf7+ 36. Ke2 Re7+ 37. Kd3 Rh7 38. g4 Rd7 39. Ra7 Kf7 40. Ra5 Be5 41. h3 c6 42. Kc2 Ke6 43. Ra6 Kd6 44. Ra3 Rf7 45. Ng3 Rf2+ 46. Kd1 Bxg3 47. Rxg3 Rh2 48. Rf3 c5 49. Rf5 Rxh3 50. Rxg5 d4 51. Rg8 c4 52. g5 c3 53. g6 d3 54. Ke1 d2+ 55. Ke2 Rh2+ 56. Ke3 Ke7 57. g7 Rh3+ 58. Kf4 Kf7 59. Rh8 Kxg7 60. Rxh3 d1=Q 61. Rg3+ Kf7 62. Kg5 Qd5+ 63. Kg4 c2 64. Rf3+ Qxf3+ 65. Kxf3 c1=Q 0-1

[Event "24th Klatovy B 2016"]
[Site "Klatovy CZE"]
[Date "2016.07.08"]
[Round "7.49"]
[White "Zimmermann, Ladislav"]
[Black "Janous, Marek"]
[Result "0-1"]
[WhiteElo "1147"]
[BlackElo "1200"]
[PlyCount "81"]
[EventDate "2016.07.02"]
[EventType "swiss"]
[EventRounds "9"]
[EventCountry "CZE"]

1. e4 c5 2. Nf3 Nc6 3. Bb5 a6 4. Bxc6 dxc6 5. O-O e6 6. d4 cxd4 7. Qxd4 Qxd4 8. Nxd4 Bd6 9. Re1 e5 10. Nf3 h6 11. b3 Bg4 12. Ba3 Bxa3 13. Nxa3 Bxf3 14. gxf3 Nf6 15. Nc4 O-O 16. Nxe5 Rfe8 17. Ng4 Nxg4 18. fxg4 Kh7 19. Rad1 Rad8 20. Rxd8 Rxd8 21. Re3 Rd2 22. Rc3 Kg6 23. h4 Kf6 24. a4 Ke5 25. f3 Kf4 26. h5 Kg3 27. Kf1 Rf2+ 28. Ke1 Rxf3 29. Rxf3+ Kxf3 30. Kf1 Kxg4 31. Ke2 Kxh5 32. Kf3 Kg6 33. c4 Kf6 34. Kg4 Ke5 35. Kf3 h5 36. b4 h4 37. b5 axb5 38. cxb5 h3 39. Kg3 Kxe4 40. Kxh3 Kd5 41. Kg4 0-1

[Event "24th Klatovy B 2016"]
[Site "Klatovy CZE"]
[Date "2016.07.08"]
[Round "7.50"]
[White "Velkoborsky, Jan"]
[Black "Skopkova, Marcela"]
[Result "0-1"]
[WhiteElo "1100"]
[BlackElo "1166"]
[PlyCount "100"]
[EventDate "2016.07.02"]
[EventType "swiss"]
[EventRounds "9"]
[EventCountry "CZE"]

1. e4 e6 2. Nf3 c6 3. Bc4 h6 4. O-O Be7 5. Nc3 d5 6. exd5 cxd5 7. Bb5+ Bd7 8. Bxd7+ Nxd7 9. d3 a6 10. Bf4 Bf6 11. Na4 b5 12. Nc3 Ne7 13. h3 Qa5 14. Qd2 Rc8 15. Nd1 Qxd2 16. Bxd2 Rxc2 17. Bc3 Bxc3 18. Nxc3 Rxb2 19. Rab1 Rxb1 20. Rxb1 O-O 21. a4 Rc8 22. Ne2 Rb8 23. Nc3 b4 24. Na2 a5 25. Nd4 Nc5 26. Nb3 Nxb3 27. Rxb3 Rc8 28. d4 Rc2 29. Rb1 Rxa2 30. Rc1 Rxa4 31. Rc7 Ng6 32. Rc8+ Kh7 33. Ra8 Nf4 34. Rf8 Kg6 35. g3 Ne2+ 36. Kg2 Nxd4 37. Rc8 b3 38. Rc1 Rc4 39. Rh1 a4 40. h4 b2 41. Rb1 a3 42. g4 Rc1 43. h5+ Kh7 44. Rxc1 bxc1=Q 45. g5 Qxg5+ 46. Kf1 a2 47. f3 a1=Q+ 48. Kf2 Qb2+ 49. Kf1 Qgg2+ 50. Ke1 Qge2# 0-1

[Event "24th Klatovy B 2016"]
[Site "Klatovy CZE"]
[Date "2016.07.08"]
[Round "7.51"]
[White "Skalicky, Jindrich"]
[Black "Velkoborsky, Tadeas"]
[Result "1-0"]
[WhiteElo "1311"]
[BlackElo "1100"]
[PlyCount "27"]
[EventDate "2016.07.02"]
[EventType "swiss"]
[EventRounds "9"]
[EventCountry "CZE"]

1. e4 e5 2. Nf3 Nc6 3. Bb5 d6 4. d4 Bd7 5. O-O exd4 6. Nxd4 Nxd4 7. Bxd7+ Qxd7 8. Qxd4 c5 9. Qd3 O-O-O 10. Nc3 Qg4 11. Qd5 Nf6 12. Qxf7 Nxe4 13. Nb5 d5 14. Qc7# 1-0

[Event "24th Klatovy B 2016"]
[Site "Klatovy CZE"]
[Date "2016.07.08"]
[Round "7.52"]
[White "Krejbich, Lukas"]
[Black "Stanke, Vilem"]
[Result "0-1"]
[WhiteElo "1063"]
[BlackElo "1200"]
[PlyCount "131"]
[EventDate "2016.07.02"]
[EventType "swiss"]
[EventRounds "9"]
[EventCountry "CZE"]

1. e3 e5 2. d3 d5 3. g3 Nf6 4. Bg2 Nc6 5. Bd2 Bc5 6. Ne2 Bf5 7. O-O O-O 8. Nbc3 b5 9. e4 dxe4 10. Nxe4 Nxe4 11. Bxe4 Bxe4 12. dxe4 Qf6 13. Be3 Bxe3 14. fxe3 Qg6 15. Nc3 b4 16. Nd5 Qxe4 17. Qd3 Qxd3 18. cxd3 Rad8 19. e4 a5 20. a4 Rd7 21. Rf2 Nd4 22. Raf1 Ne6 23. Rf5 f6 24. h4 c6 25. Ne3 Rxd3 26. Re1 Nd4 27. Rf2 b3 28. Kg2 Nc2 29. Nxc2 bxc2 30. Rxc2 Rd6 31. Rf2 c5 32. Ref1 c4 33. g4 h6 34. g5 hxg5 35. hxg5 Rb6 36. Kg1 Kf7 37. Rg2 Rb4 38. gxf6 gxf6 39. Rgf2 Ke6 40. Kg2 Rxa4 41. Rc1 Rb4 42. Rc3 f5 43. Kg1 Rg8+ 44. Kf1 fxe4 45. Rfc2 Rf8+ 46. Ke1 Kd5 47. Rd2+ Kc5 48. Re3 Rf4 49. Ke2 Rb3 50. Rc2 Rxe3+ 51. Kxe3 Rf3+ 52. Kxe4 Rf8 53. b3 Kb4 54. bxc4 Rf4+ 55. Kxe5 Rxc4 56. Rb2+ Kc5 57. Rb8 Rb4 58. Rc8+ Kb5 59. Kd5 Ka4 60. Rc1 Kb5 61. Rc5+ Ka4 62. Kc6 Rb3 63. Rc1 Kb4 64. Rc5 a4 65. Kd5 Rc3 66. Rxc3 0-1

[Event "24th Klatovy B 2016"]
[Site "Klatovy CZE"]
[Date "2016.07.09"]
[Round "8.13"]
[White "Parpel, Petr"]
[Black "Leseticky, Vladimir"]
[Result "1/2-1/2"]
[WhiteElo "1787"]
[BlackElo "1665"]
[PlyCount "52"]
[EventDate "2016.07.02"]
[EventType "swiss"]
[EventRounds "9"]
[EventCountry "CZE"]

1. d4 d5 2. c4 e6 3. Nc3 Nf6 4. e3 Be7 5. Nf3 O-O 6. Qc2 Nc6 7. a3 b6 8. Bd2 dxc4 9. Bxc4 a6 10. Be2 Nb8 11. O-O Bd7 12. Rac1 Bc6 13. Ne5 Bd6 14. Nxc6 Nxc6 15. Bf3 Rc8 16. Ne2 e5 17. Bxc6 exd4 18. Bf3 d3 19. Qd1 dxe2 20. Qxe2 c6 21. Bc3 Qe7 22. Rfd1 Bb8 23. Rd3 Rfd8 24. Rcd1 Rxd3 25. Qxd3 Be5 26. Qf5 Re8 1/2-1/2

[Event "24th Klatovy B 2016"]
[Site "Klatovy CZE"]
[Date "2016.07.09"]
[Round "8.15"]
[White "Vavrousek, Petr"]
[Black "Svec, Vitezslav"]
[Result "1-0"]
[WhiteElo "1763"]
[BlackElo "1687"]
[PlyCount "75"]
[EventDate "2016.07.02"]
[EventType "swiss"]
[EventRounds "9"]
[EventCountry "CZE"]

1. e4 g6 2. d4 Bg7 3. Nc3 e6 4. Be3 Ne7 5. f4 b6 6. Nf3 Bb7 7. Bd3 d6 8. Qd2 f5 9. O-O-O Nbc6 10. Ng5 Qd7 11. Bc4 Nd8 12. d5 e5 13. Bb5 c6 14. dxc6 Bxc6 15. Bxc6 Ndxc6 16. Qxd6 Qxd6 17. Rxd6 exf4 18. Bxf4 Bxc3 19. bxc3 fxe4 20. Re1 Rd8 21. Rxe4 Rxd6 22. Bxd6 Kd7 23. Bxe7 Nxe7 24. Rd4+ Kc6 25. Nf7 Rf8 26. Ne5+ Kb5 27. Rd7 Nc6 28. c4+ Kb4 29. Nxc6+ Kc3 30. Rd3+ Kxc4 31. Ne5+ Kb4 32. Kb2 Rf2 33. Rg3 Kb5 34. Kb3 Re2 35. Nd3 a5 36. a4+ Ka6 37. Rg5 Rd2 38. h3 1-0

[Event "24th Klatovy B 2016"]
[Site "Klatovy CZE"]
[Date "2016.07.09"]
[Round "8.17"]
[White "Cipera, Josef"]
[Black "Schille, Hannes"]
[Result "1/2-1/2"]
[WhiteElo "1756"]
[BlackElo "1629"]
[PlyCount "51"]
[EventDate "2016.07.02"]
[EventType "swiss"]
[EventRounds "9"]
[EventCountry "CZE"]

1. e4 c5 2. Nc3 a6 3. Nf3 Nc6 4. Be2 e6 5. O-O Qc7 6. d4 cxd4 7. Nxd4 b5 8. a3 Bb7 9. Bf3 Bc5 10. Be3 Qb6 11. Nce2 Ne5 12. b4 Bxd4 13. Bxd4 Qc7 14. Bc5 Nc4 15. Ng3 d6 16. Bd4 e5 17. Be3 Nxe3 18. fxe3 Nf6 19. Qd3 O-O 20. Rac1 Rac8 21. Nf5 Rfd8 22. Rfd1 d5 23. exd5 Bxd5 24. Bxd5 Rxd5 25. Qf1 Qa7 26. Rxd5 1/2-1/2

[Event "24th Klatovy B 2016"]
[Site "Klatovy CZE"]
[Date "2016.07.09"]
[Round "8.18"]
[White "Vavrinkova, Jitka"]
[Black "Sova, Zdenek"]
[Result "1-0"]
[WhiteElo "1625"]
[BlackElo "1747"]
[PlyCount "49"]
[EventDate "2016.07.02"]
[EventType "swiss"]
[EventRounds "9"]
[EventCountry "CZE"]

1. e4 c5 2. Nf3 e6 3. c3 Nc6 4. d4 cxd4 5. cxd4 d6 6. d5 exd5 7. exd5 Ne5 8. Bb5+ Bd7 9. Bxd7+ Qxd7 10. O-O Nxf3+ 11. Qxf3 h6 12. Re1+ Be7 13. Qg3 g6 14. Nc3 Nf6 15. Qf3 O-O-O 16. Be3 Kb8 17. Bd4 Ng4 18. Bxh8 Rxh8 19. Rxe7 Nxh2 20. Qxf7 Nf3+ 21. gxf3 Qc8 22. Qe6 Qc5 23. Re8+ Rxe8 24. Qxe8+ Kc7 25. Re1 1-0

[Event "24th Klatovy B 2016"]
[Site "Klatovy CZE"]
[Date "2016.07.09"]
[Round "8.28"]
[White "Stankova, Zuzana 1986"]
[Black "Rosenbaumova, Lea"]
[Result "1/2-1/2"]
[WhiteElo "1673"]
[BlackElo "1351"]
[PlyCount "46"]
[EventDate "2016.07.02"]
[EventType "swiss"]
[EventRounds "9"]
[EventCountry "CZE"]

1. Nf3 Nf6 2. d4 e6 3. Bf4 c5 4. e3 Nc6 5. c3 a6 6. Bd3 Be7 7. O-O O-O 8. Nbd2 Nh5 9. Bg3 Nxg3 10. fxg3 d5 11. Qe2 f5 12. c4 dxc4 13. Bxc4 cxd4 14. Nb3 dxe3 15. Qxe3 Kh8 16. Bxe6 Bxe6 17. Qxe6 Qb6+ 18. Kh1 Rae8 19. Ne5 Rf6 20. Nf7+ Kg8 21. Nh6+ Kh8 22. Nf7+ Kg8 23. Nh6+ Kh8 1/2-1/2

[Event "24th Klatovy B 2016"]
[Site "Klatovy CZE"]
[Date "2016.07.09"]
[Round "8.31"]
[White "Stvan, Marek"]
[Black "Kopal, Vladimir"]
[Result "1-0"]
[WhiteElo "1679"]
[BlackElo "1550"]
[PlyCount "75"]
[EventDate "2016.07.02"]
[EventType "swiss"]
[EventRounds "9"]
[EventCountry "CZE"]

1. e4 c5 2. Nf3 Nc6 3. d4 cxd4 4. Nxd4 e5 5. Nb5 Nf6 6. N1c3 a6 7. Nd6+ Bxd6 8. Qxd6 Qe7 9. Qd1 d6 10. Bc4 O-O 11. Bg5 h6 12. Nd5 Qd8 13. Nxf6+ gxf6 14. Bxh6 f5 15. Bxf8 Kxf8 16. exf5 Bxf5 17. Qh5 Qf6 18. c3 Ke7 19. Qe2 Rg8 20. Bd5 Kd7 21. O-O-O Bg4 22. f3 Bh5 23. g4 Bg6 24. Be4 Rc8 25. Kb1 Kc7 26. h4 Bxe4+ 27. Qxe4 Kb8 28. h5 Ne7 29. Rhe1 Qe6 30. f4 Rc4 31. Qd3 Rxf4 32. Qxd6+ Qxd6 33. Rxd6 e4 34. Rd4 Rxg4 35. Rdxe4 Rxe4 36. Rxe4 Nd5 37. h6 f5 38. Re8+ 1-0

[Event "24th Klatovy B 2016"]
[Site "Klatovy CZE"]
[Date "2016.07.09"]
[Round "8.33"]
[White "Vavrinkova, Anna"]
[Black "Stross, Frantisek 1952"]
[Result "1/2-1/2"]
[WhiteElo "1364"]
[BlackElo "1652"]
[PlyCount "80"]
[EventDate "2016.07.02"]
[EventType "swiss"]
[EventRounds "9"]
[EventCountry "CZE"]

1. e4 e5 2. Nf3 Nc6 3. Bb5 a6 4. Bxc6 dxc6 5. d4 exd4 6. Qxd4 Qxd4 7. Nxd4 c5 8. Nb3 c4 9. Nd4 c5 10. Nf3 Bg4 11. Nbd2 Bd6 12. O-O Nf6 13. Re1 h6 14. h3 Be7 15. Ne5 b5 16. Nc6 Bd8 17. Nxd8 Rxd8 18. a3 O-O 19. c3 Rd3 20. Nf3 Nd7 21. Kh2 f5 22. exf5 Bxf5 23. Be3 Rc8 24. Rad1 Be4 25. Ng1 Nf6 26. f3 Bg6 27. Bf2 Rc6 28. Ne2 Nd5 29. Nc1 Rxd1 30. Rxd1 Nc7 31. Bg3 Ne6 32. Ne2 a5 33. Rd6 Be8 34. Rxc6 Bxc6 35. Bd6 Kf7 36. f4 Nxf4 37. Bxf4 Ke6 38. Kg3 b4 39. Kf2 Ba4 40. Bc7 b3 1/2-1/2

[Event "24th Klatovy B 2016"]
[Site "Klatovy CZE"]
[Date "2016.07.09"]
[Round "8.34"]
[White "Schille, Steffen"]
[Black "Vasko, Pavel"]
[Result "1-0"]
[WhiteElo "1566"]
[BlackElo "1619"]
[PlyCount "53"]
[EventDate "2016.07.02"]
[EventType "swiss"]
[EventRounds "9"]
[EventCountry "CZE"]

1. d4 Nf6 2. c4 e6 3. Nf3 d5 4. Bg5 Be7 5. Nc3 O-O 6. e3 b6 7. Bxf6 Bxf6 8. Qc2 Bb7 9. cxd5 exd5 10. Bd3 h6 11. O-O Re8 12. Nd2 Nc6 13. a3 Qd7 14. Rae1 Nd8 15. f4 Ne6 16. Nf3 a6 17. Ne5 Bxe5 18. fxe5 c5 19. Qf2 c4 20. Bc2 b5 21. Qf5 Nf8 22. Qh5 Re7 23. Rf3 Ra7 24. Ref1 Bc8 25. Rg3 Kh8 26. Rf6 Nh7 27. Rxg7 1-0

[Event "24th Klatovy B 2016"]
[Site "Klatovy CZE"]
[Date "2016.07.09"]
[Round "8.44"]
[White "Kotal, Vit"]
[Black "Skopkova, Marcela"]
[Result "1-0"]
[WhiteElo "1292"]
[BlackElo "1166"]
[PlyCount "49"]
[EventDate "2016.07.02"]
[EventType "swiss"]
[EventRounds "9"]
[EventCountry "CZE"]

1. e4 e6 2. d4 c6 3. Bd3 b5 4. a3 a6 5. Nf3 h6 6. Nbd2 d5 7. e5 c5 8. c3 c4 9. Bc2 Nc6 10. Nf1 Qb6 11. Bd2 a5 12. Ng3 Bb7 13. O-O Nge7 14. Re1 Nc8 15. Kh1 b4 16. Ng1 b3 17. Bb1 a4 18. f4 Be7 19. f5 Bh4 20. fxe6 Bxg3 21. exf7+ Ke7 22. hxg3 Rf8 23. e6 Nd6 24. Qg4 g5 25. Bxg5+ 1-0

[Event "24th Klatovy B 2016"]
[Site "Klatovy CZE"]
[Date "2016.07.09"]
[Round "8.49"]
[White "Psaila, Ocean"]
[Black "Zimmermann, Ladislav"]
[Result "0-1"]
[WhiteElo "1046"]
[BlackElo "1147"]
[PlyCount "48"]
[EventDate "2016.07.02"]
[EventType "swiss"]
[EventRounds "9"]
[EventCountry "CZE"]

1. d4 d5 2. Nf3 Nc6 3. e3 Bg4 4. Be2 e6 5. O-O Nf6 6. c4 Be7 7. Nc3 Bb4 8. Bd2 O-O 9. Qc2 Bf5 10. Bd3 Bxd3 11. Qxd3 Bxc3 12. Bxc3 Qd6 13. Rfd1 Ne4 14. Rac1 b6 15. b4 Nxb4 16. Bxb4 Qxb4 17. cxd5 exd5 18. Rxc7 Rfc8 19. Rdc1 Rxc7 20. Rxc7 Qb2 21. Qa6 Qxf2+ 22. Kh1 Rf8 23. Qc8 Qf1+ 24. Ng1 Nf2# 0-1

[Event "24th Klatovy B 2016"]
[Site "Klatovy CZE"]
[Date "2016.07.09"]
[Round "8.50"]
[White "Velkoborsky, Tadeas"]
[Black "Velkoborsky, Jan"]
[Result "1-0"]
[WhiteElo "1100"]
[BlackElo "1100"]
[PlyCount "55"]
[EventDate "2016.07.02"]
[EventType "swiss"]
[EventRounds "9"]
[EventCountry "CZE"]

1. e4 e5 2. Nf3 Nc6 3. d4 Nxd4 4. Nxd4 exd4 5. Qxd4 Nf6 6. Bf4 Be7 7. Qc4 O-O 8. Bxc7 d5 9. Bxd8 dxc4 10. Bxe7 Re8 11. Bxf6 gxf6 12. Nc3 Bf5 13. Bxc4 Bxe4 14. O-O-O Bxg2 15. Rhg1 Rac8 16. Rxg2+ Kf8 17. Bd3 h5 18. Bh7 a6 19. Nd5 Rxc2+ 20. Kxc2 Rc8+ 21. Kb1 Ke8 22. Re1+ Kd7 23. Nb6+ Kc7 24. Nxc8 Kxc8 25. Re7 Kd8 26. Rxf7 Ke8 27. Rxb7 Kf8 28. Rg8# 1-0

[Event "24th Klatovy B 2016"]
[Site "Klatovy CZE"]
[Date "2016.07.09"]
[Round "8.2"]
[White "Sprenar, Petr"]
[Black "Kotva, Milan"]
[Result "1/2-1/2"]
[WhiteElo "1798"]
[BlackElo "1998"]
[PlyCount "68"]
[EventDate "2016.07.02"]
[EventType "swiss"]
[EventRounds "9"]
[EventCountry "CZE"]

1. d4 d5 2. c4 c6 3. g3 Bf5 4. Bg2 e6 5. Nf3 Nf6 6. O-O Bd6 7. Nc3 Nbd7 8. Re1 h6 9. cxd5 cxd5 10. Nd2 O-O 11. e4 dxe4 12. Ndxe4 Nxe4 13. Nxe4 Bb4 14. Re3 Nb6 15. Rb3 Be7 16. g4 Bg6 17. Bf4 Nd5 18. Bd2 b6 19. Nc3 Qd7 20. Nxd5 exd5 21. Rc1 Rac8 22. Rbc3 Rxc3 23. Rxc3 Be4 24. Qe2 Bb4 25. Rg3 Bd6 26. Bxe4 dxe4 27. Re3 Qa4 28. Rxe4 Qxa2 29. g5 hxg5 30. Bxg5 f6 31. Bh4 Qd5 32. Bg3 Bxg3 33. hxg3 a5 34. Rh4 Qf7 1/2-1/2